000 00525nam a22001577a 4500
008 160805b xxu||||| |||| 00| 0 eng d
020 _a978013609517
050 _aHD 39.5.C46 2010
100 _aChopra, Sunil.
_d2010
245 _aSupply chain management:
_bStrategy, planning and operation /
_cSunil Chopra and Peter Meindl
250 _a4th ed.
260 _aLondon:
_bPearson,
_c2010
300 _a519 p. : ill.
_bIncludes index
700 _a Meindl, Peter.
942 _2lcc
_cBOOKS
_hHD 39.5.C46 2010
_01
999 _c12545
_d12545